01567nam a2200385 i 450000100060000000300080000600500170001400600190003100700150005000800410006502000280010603500220013404000310015605000220018708000160020908200140022524501380023926400300037730000580040733600310046533700330049633800430052949000370057250400390060958800830064859001620073165000370089365000390093065500270096970000380099679700180103483000490105285600630110199900170116463523FINmELB20241217142340.0m o u cr cn|||||||||210805s2021 sp a ob 000 0 spa d a9788497295895q(e-book) a(OCoLC)1269022472 aFINmELBbspaerdacFINmELB 4aGV341b.J844 2021 a796.4:37.0204a613.722304aLos juegos en la educación física de los 12 a los 14 años :bprimer ciclo de la E.S.O. /cAntonio García López [y otros 5]. 1aBarcelona :bINDE,c2021. a1 recurso en línea (272 páginas) :bilustraciones atextobtxt2rdacontent/spa acomputadorabc2rdamedia/spa arecurso en líneabcr2rdacarrier/spa1 aColección Educación física aBibliografía: páginas 265-272. aDescripción basada en metadatos suministrados por el editor y otras fuentes. aRecurso electrónico. Santa Fe, Arg.: elibro, 2021. Disponible vía World Wide Web. El acceso puede estar limitado para las bibliotecas afiliadas a elibro. 0aPhysical education and training. 4aEducación físicaxDidáctica. 4aLibros electrónicos.1 aGarcía López, Antonio,d1956-2 aelibro, Corp. 0aColección Educación física (Barcelona)40uhttps://elibro.net/ereader/politecnicointernacional/175001 c63523d63523